| 000 | 00608naa a2200193 4500 | ||
|---|---|---|---|
| 001 | 122940 | ||
| 003 | ES-MaBCM | ||
| 005 | 20241016143806.0 | ||
| 008 | 060131s2006 esp|r0p 0 ||spa d | ||
| 021 | _axx | ||
| 035 | _a(OCoLC)1365209076 | ||
| 040 | _cES-MaBCM | ||
| 100 | 1 |
_aDäumer, Michael _969093 |
|
| 245 | 0 | 0 |
_aLa gran coalición en Alemania _b: un acuerdo de "nuevas oportunidades" _cMichael Däumer |
| 651 | 1 | 4 |
_aAlemania _9115381 |
| 650 | 1 | 7 |
_aSituación política _960283 |
| 773 | 0 |
_aEn: _tCuadernos de pensamiento político _dMadrid _w105566 _gN. 9 (en.-marzo 2006), p. 127-150 |
|
| 942 | _cAREV | ||
| 999 |
_c122940 _d122940 |
||